000 00667nam a22002057a 4500
003 OSt
005 20140310181743.0
008 130423t xxu||||| |||| 00| 0 eng d
020 _a9789719264118
050 _aHG 177
_b.P649 2006
082 _aFIL 001.42
_bP65 2006
245 _aroposal writing guidebook :
_b[the ultimate guidebook in writing winning grant proposals that funding organizations are willing to fund or support]
_cPineda, Danilo D.
260 _a[Manila] :
_bTritium Knowledeg Center Piblishing,
_c2006
300 _a292p. :
_c28 cm.
521 _aCollege
526 _c1210L-1700L
562 _e1
942 _2lcc
_cBK-FIL
999 _c2878
_d2878